Ready Player One(Book) General Quiz - Statistics

General Stats
  • This quiz has been taken 209 times
  • The average score is 5 of 12
Answer Stats
Hint Answer % Correct
Who obtained the first Copper Key? Parzival
93%
What name are IOI avatars called? Sixers
72%
What was Halliday's avatar called? Anorak
69%
What game give Parzival an extra life? Pac-man
66%
Who reaches the Third gate first? Sorrento
64%
What car does Parzival own? Delorean
54%
What does IOI stand for? Innovative Online Industries
40%
What robot do you turn into when you use the Beta Capsule? Ultraman
34%
What is Parzival's planet called? Falco
24%
What is Sorrento's IOI employee number? IOI-655321
9%
How long does the Beta Capsule last for? 2.30 minutes
4%
Which robot did Art3mis choose when she obtained the Jade Key? Minervra X
4%
No matching quizzes found
Score Distribution
Percent of People with Each Score
Percentile by Number Answered
Your Score History
You have not taken this quiz